Sports Quiz

Random Sports or Football Quiz

Super Bowl Record Match Quiz Stats

Quiz Updated Feb 5, 2017

Challenge
Share
Tweet
Score 0/32 Timer 06:00
39 Plays Today
% Correct
6W - 2L
89.2%
0W - 4L
84.7%
0W - 0L
84.2%
0W - 0L
83.9%
0W - 0L
82%
0W - 0L
80.9%
5W - 1L
80.9%
5W - 3L
78.7%
5W - 4L
75%
0W - 2L
72.1%
1W - 2L
71.7%
1W - 0L
71.3%
4W - 1L
71.2%
1W - 0L
70.8%
2W - 0L
69.4%
0W - 1L
69.2%
% Correct
0W - 1L
69.1%
0W - 2L
66%
4W - 1L
64.4%
3W - 5L
63.6%
0W - 4L
63.5%
1W - 0L
63.2%
0W - 1L
61.4%
0W - 2L
60.6%
1W - 1L
58.7%
0W - 2L
58.7%
1W - 2L
46.5%
3W - 2L
44.4%
2W - 2L
43.8%
1W - 1L
42.9%
3W - 2L
40.6%
2W - 3L
37.1%

You're not logged in!

Compare scores with friends on all Sporcle quizzes.
Sign Up with Email
OR
Log In

You Might Also Like...

Show Comments

Extras

Top Quizzes Today


Score Distribution

Your Account Isn't Verified!

In order to create a playlist on Sporcle, you need to verify the email address you used during registration. Go to your Sporcle Settings to finish the process.